LIBRARY & INFORMATION CENTRE, KCAET, TAVANUR

ONLINE PUBLIC ACCESS CATALOGUE (OPAC)

Moonaruviyum oru puzhayum / (Record no. 649)

MARC details
000 -LEADER
fixed length control field 00380cam a2200145ua 4500
041 ## - LANGUAGE CODE
Language code of text/sound track or separate title mal
082 ## - DEWEY DECIMAL CLASSIFICATION NUMBER
Classification number 894.8121
Item number SAN/MO
100 ## - MAIN ENTRY--AUTHOR NAME
Personal name SankaraKurup, G.
245 ## - TITLE STATEMENT
Title Moonaruviyum oru puzhayum /
260 ## - PUBLICATION, DISTRIBUTION, ETC. (IMPRINT)
Place of publication :
Name of publisher Sahithya pravarthaka co-operative sangham ,
Year of publication 1966.
300 ## - PHYSICAL DESCRIPTION
Number of Pages 54 ; .
942 ## - ADDED ENTRY ELEMENTS (KOHA)
Koha item type Books
Holdings
Withdrawn status Lost status Damaged status Home library Current library Date acquired Full call number Accession Number Koha item type
Withdrawn     KAUAET Malayalam University 07/04/2012 894.8121 4694 Books
free website counter